Normal view
MARC view
- مرتبہ رشید حسن خاں
Entry Personal Name
001 - CONTROL NUMBER
- control field: 129750
003 - CONTROL NUMBER IDENTIFIER
- control field: NUST
005 - DATE AND TIME OF LATEST TRANSACTION
- control field: 20250712151834.0
008 - FIXED-LENGTH DATA ELEMENTS
- fixed length control field: 250712|| aca||aabn | a|a d
040 ## - CATALOGING SOURCE
- Original cataloging agency: NUST
- Transcribing agency: NUST
100 ## - HEADING--PERSONAL NAME
- Personal name: مرتبہ رشید حسن خاں
670 ## - SOURCE DATA FOUND
- Source citation: Work cat.: (NUST): Nawab Mirza Lakhanawi 129749, Masnawiat-e-Shoq/, 1999.
